| 000 | 00535nam a22001817a 4500 | ||
|---|---|---|---|
| 005 | 20251108164225.0 | ||
| 008 | 250721s1991 xx 000 0 ara d | ||
| 082 | 1 | 4 | _a916/حام |
| 100 | 1 | _aسليمان، حامد | |
| 245 | 1 | 0 | _aمئة يوم في أحراش إفريقيا / |
| 264 | 1 |
_aالقاهرة : _bالهيئة المصرية العامة، _c1991. |
|
| 300 | _a229 ص | ||
| 650 | 1 | 7 | _aإفريقيا |
| 650 | 1 | 7 | _aالرحلات الجغرافية |
| 650 | 1 | 7 | _aالجغرافيا |
| 942 |
_2ddc _cBK |
||
| 999 |
_c6804 _d6804 |
||